| 000 | 00434nam a2200193Ia 4500 | ||
|---|---|---|---|
| 999 |
_c43630 _d43630 |
||
| 003 | 0100 | ||
| 005 | 20170503094047.0 | ||
| 008 | 130303s9999 xx 000 0 und d | ||
| 040 | _cARRUPELIB | ||
| 050 | _aDT965.Z5S8 1965 | ||
| 100 |
_aSummers, Roger _916948 |
||
| 245 | _aZimbabwe | ||
| 245 | _ba Rhodesia mystery | ||
| 260 |
_bNelson _aJohannesburg _c1963 |
||
| 300 | _aviii | ||
| 300 | _b 120 p.: illus. 22 cm | ||
| 650 |
_aHISTORY _98438 |
||
| 650 |
_aZimbabwe, Mashonaland _930336 |
||
| 942 |
_2lcc _cMONOGRAPH |
||